| 000 | 00697cam a22002534a 4500 | ||
|---|---|---|---|
| 001 | 14359409 | ||
| 005 | 20180309073951.0 | ||
| 008 | 060501s2007 nyua 001 0 eng | ||
| 010 | _a 2006926755 | ||
| 020 | _a9780716770626 (hbk.) | ||
| 020 | _a0716770628 | ||
| 020 | _a9780716777854 (pbk.) | ||
| 020 | _a0716777851 | ||
| 040 |
_aDLC _cDLC |
||
| 041 | _aeng | ||
| 080 | _a311 | ||
| 082 | _2311 MOO | ||
| 100 | 1 | _a58 | |
| 101 | _aSTA | ||
| 245 | 1 | 4 |
_aThe basic practice of statistics / _cDavid S. Moore. |
| 906 |
_a7 _bcbc _corignew _d3 _eepcn _f20 _gy-gencatlg |
||
| 942 |
_2ddc _cBK |
||
| 999 |
_c44588 _d44588 |
||